Normal view
MARC view
- ENIGNEERING MATHEMATICS
Entry Topical Term
001 - CONTROL NUMBER
- control field: 60265
003 - CONTROL NUMBER IDENTIFIER
- control field: NUST
005 - DATE AND TIME OF LATEST TRANSACTION
- control field: 20210628202520.0
008 - FIXED-LENGTH DATA ELEMENTS
- fixed length control field: 210628|| aca||aabn | a|a d
040 ## - CATALOGING SOURCE
- Original cataloging agency: NUST
- Transcribing agency: NUST
150 ## - HEADING--TOPICAL TERM
- Topical term or geographic name entry element: ENIGNEERING MATHEMATICS
670 ## - SOURCE DATA FOUND
- Source citation: Work cat.: (NUST): Bird, John 60264, Basic enigneering mathematics, 2005
